Rechtsetzung und Methodik
| 1. VerfasserIn: | |
|---|---|
| Medienart: | Druck Buch |
| Sprache: | Deutsch |
| Veröffentlicht: |
Basel & Stuttgart
Helbing & Lichtenhahn
1979
|
| In: |
Basler Studien zur Rechtswissenschaft (122)
Jahr: 1979 |
| Bestand in Tübingen: | In Tübingen vorhanden. IFK: G VIII 21 |
| Verfügbarkeit prüfen: | HBZ Gateway |
| Subito Bestelldienst: | Jetzt bestellen. |
| Schlagwörter: |
MARC
| LEADER | 00000cam a2200000 c 4500 | ||
|---|---|---|---|
| 001 | 023581956 | ||
| 003 | DE-627 | ||
| 005 | 20260206194608.0 | ||
| 007 | tu | ||
| 008 | 710101s1979 sz ||||| m 00| ||ger c | ||
| 015 | |a 80,A25,0076 |2 dnb | ||
| 016 | 7 | |a 800348222 |2 DE-101 | |
| 020 | |a 3719007448 |9 3-7190-0744-8 | ||
| 035 | |a (DE-627)023581956 | ||
| 035 | |a (DE-603)034308563 | ||
| 035 | |a (DE-576)007467575 | ||
| 035 | |a (DE-599)GBV023581956 | ||
| 035 | |a (OCoLC)7175943 | ||
| 035 | |a (OCoLC)251693045 | ||
| 035 | |a (OCoLC)310804945 | ||
| 035 | |a (OCoLC)611672698 | ||
| 035 | |a (OCoLC)07175943 | ||
| 035 | |a (DE-604)8033406413 | ||
| 040 | |a DE-627 |b ger |c DE-627 |e rakwb | ||
| 041 | |a ger | ||
| 044 | |c XA-CH |c XA-DE | ||
| 082 | 0 | |a 340/.1/8 |q OCLC | |
| 082 | 0 | |a 340.18 |2 DDC19oclc | |
| 084 | |a 04a |a 03a |2 sdnb | ||
| 084 | |a 2 |2 ssgn | ||
| 084 | |a PI 3040 |2 rvk |0 (DE-625)rvk/136587: | ||
| 084 | |a 86.03 |2 bkl | ||
| 100 | 1 | |a Rhinow, René |d 1942- |0 (DE-588)121226662 |0 (DE-627)081167083 |0 (DE-576)16271338X |4 aut | |
| 109 | |a Rhinow, René 1942- |a Rhinow, René A. 1942- | ||
| 245 | 1 | 0 | |a Rechtsetzung und Methodik |c von René A. Rhinow |
| 264 | 1 | |a Basel & Stuttgart |b Helbing & Lichtenhahn |c 1979 | |
| 300 | |a XXXII, 282 S. | ||
| 336 | |a Text |b txt |2 rdacontent | ||
| 337 | |a ohne Hilfsmittel zu benutzen |b n |2 rdamedia | ||
| 338 | |a Band |b nc |2 rdacarrier | ||
| 490 | 1 | |a Basler Studien zur Rechtswissenschaft |v 122 | |
| 500 | |a Litertaurangaben | ||
| 502 | |a Zugl.: Basel, Univ., Habil.-Schr., 1977 | ||
| 650 | 4 | |a Rechtsanwendung | |
| 650 | 4 | |a Juristische Interpretation | |
| 650 | 4 | |a Rechtsfortbildung | |
| 651 | 4 | |a Schweiz | |
| 655 | 7 | |a Hochschulschrift |0 (DE-588)4113937-9 |0 (DE-627)105825778 |0 (DE-576)209480580 |2 gnd-content | |
| 689 | 0 | 0 | |d s |0 (DE-588)4048786-6 |0 (DE-627)106189549 |0 (DE-576)209079258 |a Rechtsetzung |2 gnd |
| 689 | 0 | 1 | |d s |0 (DE-588)4048765-9 |0 (DE-627)104688998 |0 (DE-576)209079177 |a Rechtsanwendung |2 gnd |
| 689 | 0 | 2 | |d s |0 (DE-588)4114116-7 |0 (DE-627)105824585 |0 (DE-576)209482028 |a Juristische Methodik |2 gnd |
| 689 | 0 | |5 (DE-627) | |
| 751 | |a Basel |0 (DE-588)4004617-5 |0 (DE-627)10638497X |0 (DE-576)208856919 |4 uvp | ||
| 830 | 0 | |a Basler Studien zur Rechtswissenschaft |v 122 |9 122 |w (DE-627)130109983 |w (DE-576)015641856 |w (DE-600)503673-2 |7 am | |
| 889 | |w (DE-627)425556735 | ||
| 935 | |i mdedup | ||
| 935 | |i Blocktest | ||
| 935 | |h HEB |i 0501 | ||
| 935 | |h HEB |i 0503 | ||
| 936 | r | v | |a PI 3040 |b Hermeneutik, Auslegung, Gesetzesanwendung, Rechtsfortbildung, richterliche und wissenschaftliche |k Rechtswissenschaft |k Allgemeine Rechtslehre und Rechtstheorie, Rechts- und Staatsphilosophie, Rechtssoziologie |k Begriff, Wesen und Methodik des Rechts |k Rechtsdenken (BF Juristisches Denken), Juristische Methodik (BF Juristische Methodenlehre, Rechtswissenschaft/Methode), Rechtsfindung |k Hermeneutik, Auslegung, Gesetzesanwendung, Rechtsfortbildung, richterliche und wissenschaftliche |0 (DE-627)1271165600 |0 (DE-625)rvk/136587: |0 (DE-576)201165600 |
| 936 | b | k | |a 86.03 |j Rechtstheorie |j Rechtsmethodik |j Allgemeine Rechtslehre |0 (DE-627)10642095X |
| 936 | s | n | |a p100 |2 mzub |
| 951 | |a BO | ||
| ELC | |b 1 | ||
| LOK | |0 000 xxxxxcx a22 zn 4500 | ||
| LOK | |0 001 3146741342 | ||
| LOK | |0 003 DE-627 | ||
| LOK | |0 004 023581956 | ||
| LOK | |0 005 20131105140012 | ||
| LOK | |0 008 930609||||||||||||||||ger||||||| | ||
| LOK | |0 040 |a DE-21-110 |c DE-627 |d DE-21-110 | ||
| LOK | |0 689 |a s |a Normgenese | ||
| LOK | |0 689 |a s |a Gesetzgebung | ||
| LOK | |0 689 |a s |a Methodenlehre | ||
| LOK | |0 852 |a DE-21-110 | ||
| LOK | |0 852 1 |c G VIII 21 |m p |9 00 | ||
| LOK | |0 935 |a k110 | ||
| LOK | |0 936ln |a 14.3 | ||
| LOK | |0 938 |k p | ||
| LOK | |0 939 |a 09-06-93 |b l01 | ||
| ORI | |a SA-MARC-krimdoka001.raw | ||
| SIG | |a IFK: G VIII 21 | ||
